000 01128cam a22003377a 4500
003 CHAP
005 20220817043353.0
008 971013s1982 r 00010 d
010 _a73421
011 _a74393
035 _a83952
040 _cCHAP
090 _aTesis
100 0 0 _aCarvajal Mera, Angel Tarquino.
_919683
245 0 _aVariación en el número cromósomico del teocintle perenne tetraploide Zea perennis (Hitchcock) reeves y mangelsdorf
260 _aChapingo, Méx. :
_bEl autor,
_c1982
300 _a55 h.
_b: ilus.
502 _aTesis (M.C. Esp. en Genética) -- CP. Centro de Genética
590 _aALEPH
_b10
_c20130110
_lUCH01
_h1416
590 _aBATCH-UPD
_b10
_c20130110
_lUCH01
_h0925
590 _aBATCH-UPD
_b10
_c20130410
_lUCH01
_h0546
590 _aBATCH-UPD
_b10
_c20130914
_lUCH01
_h1104
590 _aCONVERSION
_b10
_c20130109
_lUCH01
_h1340
650 1 4 _aCromosomas.
_929152
650 1 4 _aGenética vegetal.
650 1 4 _aTeocintle.
_9112290
901 _aBK
942 _cFOLL
949 _bBC
_cTES
_d-38978
_eTS1
_i83952
_si
949 _bBC
_cTES
_d33724000690574
_eTS2
_fc.2
_h31974
_i83952
_si
999 _c73421
_d73421